LIBRARY & INFORMATION CENTRE, KCAET, TAVANUR

ONLINE PUBLIC ACCESS CATALOGUE (OPAC)

Srimad Adhyatma Ramayanam, Vol 1 / (Record no. 4703)

MARC details
000 -LEADER
fixed length control field 00466cam a2200181ua 4500
041 ## - LANGUAGE CODE
Language code of text/sound track or separate title mal
082 ## - DEWEY DECIMAL CLASSIFICATION NUMBER
Classification number 891.8121
Item number GUR/SH
100 ## - MAIN ENTRY--AUTHOR NAME
Personal name Guruvayyar, Thunchath.
245 ## - TITLE STATEMENT
Title Srimad Adhyatma Ramayanam, Vol 1 /
260 ## - PUBLICATION, DISTRIBUTION, ETC. (IMPRINT)
Place of publication :
Name of publisher Vaidyaratnam Pazhur Narayana Menon ,
Year of publication 1959.
300 ## - PHYSICAL DESCRIPTION
Number of Pages 436.
942 ## - ADDED ENTRY ELEMENTS (KOHA)
Koha item type Books
Holdings
Withdrawn status Lost status Damaged status Home library Current library Date acquired Full call number Accession Number Koha item type
Withdrawn     KAUAET Malayalam University 07/04/2012 294.5922 NAR/SR 9410 Books
Withdrawn     KAUAET Malayalam University 07/04/2012 294.5922 NAR/SR 9411 Books
free website counter